000 00570 a2200193 4500
020 _a978-0-387-73057-8
020 _a0-387-73057-8
040 _aDLC
_bDLC
082 0 4 _a515.9
100 1 _aCohen, Harold,
245 1 0 _aComplex analysis with applications in science and engineering
_cHarold Cohen.
250 _a2nd ed.
260 _aNew York, NY :
_bSpringer,
_cc2007.
300 _axxiii, 477 p. :
_bill. ;
_c25 cm.
650 0 _aFunctions of complex variables.
650 0 _aMathematical analysis.
700 1 _aCohen, Harold,
_d1937-
942 _cBK
_k519.5 COH
_2ddc
999 _c10543
_d10543